000 00505nam a2200145Ia 4500
008 090124s9999 xx 000 0 und d
082 _b3880
_a1278
245 _a जॉर्ज वॉशिंग्टन यांचे चरित्र
250 _a1
260 _c1929
300 _a263
630 _a जॉर्ज वॉशिंग्टन यांचे चरित्र
730 _a जॉर्ज वॉशिंग्टन यांचे चरित्र
942 _cBOOK
999 _c117821
_d117821